Khảo sát đánh giá quy trình công nghệ, cải tạo mở rộng nâng công suất nhà máy nước Cần Thơ I lên 50.000 M3/D ứng dụng GIS quản lý mạng lưới cấp nước Thành phố Cần Thơ : Luận văn tốt nghiệp Đại học

Đề tài điều tra, khảo sát hiện trạng nhà máy nước Cần Thơ I, từ đó đề xuất lựa chọn giải pháp công nghệ cho nhà máy khi nhu cầu sử dụng nước ngày càng tăng cao.

Salvato in:
Dettagli Bibliografici
Autore principale: Nguyễn, Thanh Sang
Natura: Libro
Lingua:Undetermined
Pubblicazione: Cần Thơ Trường Đại học Cần Thơ 2001
Soggetti:
Tags: Aggiungi Tag
Nessun Tag, puoi essere il primo ad aggiungerne! !
Thư viện lưu trữ: Trung tâm Học liệu Trường Đại học Cần Thơ
LEADER 01304nam a2200217Ia 4500
001 CTU_143350
008 210402s9999 xx 000 0 und d
082 |a 628.16 
082 |b S106 
100 |a Nguyễn, Thanh Sang 
245 0 |a Khảo sát đánh giá quy trình công nghệ, cải tạo mở rộng nâng công suất nhà máy nước Cần Thơ I lên 50.000 M3/D ứng dụng GIS quản lý mạng lưới cấp nước Thành phố Cần Thơ : 
245 0 |b Luận văn tốt nghiệp Đại học 
245 0 |c Nguyễn Thanh Sang; Trần Văn Hừng, Nguyễn Hiếu Trung, Hà Quốc Đông (Giáo viên hướng dẫn) 
260 |a Cần Thơ 
260 |b Trường Đại học Cần Thơ 
260 |c 2001 
520 |a Đề tài điều tra, khảo sát hiện trạng nhà máy nước Cần Thơ I, từ đó đề xuất lựa chọn giải pháp công nghệ cho nhà máy khi nhu cầu sử dụng nước ngày càng tăng cao. 
650 |a Water-Supply Engineering,Water,Kỹ thuật cấp nước,Nước 
650 |x Purification,Tinh chế 
904 |i Trọng Hải 
980 |a Trung tâm Học liệu Trường Đại học Cần Thơ